000 00409cam a2200169ua 4500
020 _c1.50
041 _amal
_h
082 _a894.812308
_bJOS/MA
100 _aJos, J.Chalangatu .
245 _aManaltharikal /
_cJos.J.Chalangatu.
_hTextual Documents
260 _aAlleppy :
_bAruna book stall ,
_c1953.
300 _a170 ; .
365 _a1.50
504 _a
942 _cBK
999 _c899
_d899